Statistics for Debut Teams of NFL Players

Click here to take the quiz!

General Stats

  • This quiz has been taken 20,200 times
    (11,859 since last reset)
  • The average score is 13 of 21

Answer Stats

PlayerTeam% Correct
Michael VickFalcons
97%
Drew BreesChargers
92%
Jimmy GaroppoloPatriots
90%
Khalil MackRaiders
85%
Terrell Owens49ers
81%
Deion SandersFalcons
81%
Kirk CousinsRedskins
79%
Ndamukong SuhLions
73%
Reggie WhiteEagles
68%
Charles WoodsonRaiders
67%
Warren MoonOilers
66%
Brett FavreFalcons
65%
Golden TateSeahawks
56%
Brandon Marshall (WR)Broncos
51%
Jerome BettisRams
44%
Kyle OrtonBears
43%
Plaxico BurressSteelers
43%
Darren SprolesChargers
42%
Vinny TestaverdeBuccaneers
34%
Steve YoungBuccaneers
34%
Curtis MartinPatriots
32%

Score Distribution

Percentile by Number Answered

Percent of People with Each Score

Your Score History

You have not taken this quiz since the last reset